000 00763nam a22002537a 4500
003 CHAP
005 20220329143807.0
008 110826s1964 is r 00010 spa d
010 _a101945
011 _a102917
035 _a113606
040 _cCHAP
090 _aFolleto 18031
245 0 3 _aLa estructura mixta de aldeas
_c/por [Raanán Weitz]
260 _aHerzelía, Israel :
_bEstado de Israel :
_bOEA,
_c1964
300 _a57 p.
590 _aBATCH-UPD
_b10
_c20130110
_lUCH01
_h1213
590 _aCONVERSION
_b10
_c20130109
_lUCH01
_h1356
650 1 4 _aAgricultura cooperativa
_xIsrael.
_91969
650 1 4 _aComunidades rurales.
_926254
901 _aBK
942 _cFOLL
949 _aFolleto 18031
_bBC
_cFOLL
_d33724002307040
_eTS1
_gDonaciØn
_i113606
_sb
999 _c101945
_d101945